Hodnocení projektů organizace práce.

Hodnotenie projektov organizácie práce podľa postupu vypracovaného v Inštitúte pre výrobu a automatizáciu v SRN. Výpočet nákladov, kritériá hodnotenia výrobného procesu a kvality pracovného života. Príklad hodnotenia montáže elektromotorov.

Salvato in:
Dettagli Bibliografici
Autore principale: Hüttlová, Eva
Natura: Capitolo di libro
Lingua:ceco
Soggetti:
Tags: Aggiungi Tag
Nessun Tag, puoi essere il primo ad aggiungerne!!

MARC

LEADER 00000naa a2200000 4500
001 r004404
005 20221125071106.8
041 0 |a cze 
044 |a [CS] 
245 1 0 |a Hodnocení projektů organizace práce.  |c Eva Hüttlová 
520 |a Hodnotenie projektov organizácie práce podľa postupu vypracovaného v Inštitúte pre výrobu a automatizáciu v SRN. Výpočet nákladov, kritériá hodnotenia výrobného procesu a kvality pracovného života. Príklad hodnotenia montáže elektromotorov. 
610 2 0 |a organizácia práce 
610 2 0 |a projekty organizačné 
610 2 0 |a Nemecko 
610 2 0 |a náklady 
610 2 0 |a proces výrobný 
610 2 0 |a hodnotenie funkcií pracovných 
100 1 |a Hüttlová, Eva